Vía crucis.

Gorde:
Xehetasun bibliografikoak
Egile nagusia: Bacardi, Emilio (autor)
Formatua: Liburua
Hizkuntza:gaztelania
Saila:(Biblioteca básica de literatura cubana)
Gaiak:
Etiketak: Etiketa erantsi
Etiketarik gabe, Izan zaitez lehena erregistro honi etiketa jartzen!

MARC

LEADER 00000cam^a2200000uu^4500
001 000486058
005 20250521000000.0
008 030109s1979^^^^^^^^^^^^rd^r^^000^0^spa^d
009 20260310125213.324
035 |a FCE 000029138 
035 |a FCE 029225 
037 |a Acervo ITESO - Biblioteca 
041 |a spa 
082 0 4 |a 802.8  |b BACv 
100 |a Bacardi, Emilio  |e (autor) 
245 1 0 |a Vía crucis. 
264 |a La Habana :  |b Letras Cubanas,  |c 1979. 
300 |a 322 p. 
336 |a texto  |b txt  |2 rdacontenido 
337 |a sin mediación  |b n  |2 rdamedio 
338 |a volumen  |b nc  |2 rdasoporte 
440 0 |a (Biblioteca básica de literatura cubana) 
649 |a XX 
650 |a Historia 
650 |a Literatura 
650 |a Revolución 
650 |a Novela 
650 |a Medio social 
650 |a Cuba 
910 |a Fondo Centro de Estudios Educativos 
920 |a Impresos - Libros 
930 |a Fondos Especiales 
905 |a 133 
901 |a ALE029225  |b IT2  |c CEE  |u 20250521 
902 |a https://opac.biblio.iteso.mx/vufind/Record/000486058